[Event "Hastings Online All-Play-All"]
[Site "Tornelo INT"]
[Date "2021.01.09"]
[EventDate "2021.01.09"]
[Round "1.1"]
[Result "1/2-1/2"]
[White "Glenn C Flear"]
[Black "Nicholas Pert"]
[WhiteElo "2431"]
[BlackElo "2548"]
[PlyCount "86"]

1. d4 Nf6 2. c4 e6 3. Nc3 Bb4 4. e3 O-O 5. Bd3 d5 6. Nf3 b6
7. O-O Ba6 8. cxd5 exd5 9. Bxa6 Nxa6 10. Qa4 Qc8 11. Bd2 Re8
12. Rac1 Bf8 13. Rfd1 Qb7 14. a3 c5 15. dxc5 Nxc5 16. Qc2 Rac8
17. b4 Nce4 18. Qd3 a5 19. Be1 axb4 20. axb4 Bxb4 21. Nxd5
Qxd5 22. Qxd5 Nxd5 23. Rxc8 Rxc8 24. Rxd5 Bxe1 25. Nxe1 Kf8
26. f3 Rc1 27. Kf1 Nc5 28. Ke2 Ke7 29. Rd2 Rb1 30. Nd3 Nxd3
31. Kxd3 Rb3+ 32. Ke4 Ke6 33. g4 Rb4+ 34. Kd3 Rb3+ 35. Ke4 h6
36. h4 g6 37. Rd8 f5+ 38. gxf5+ gxf5+ 39. Kf4 Rb4+ 40. e4 fxe4
41. fxe4 Rb1 42. Rh8 Rf1+ 43. Ke3 Re1+ 1/2-1/2

[Event "Hastings Online All-Play-All"]
[Site "Tornelo INT"]
[Date "2021.01.09"]
[EventDate "2021.01.09"]
[Round "1.2"]
[Result "1/2-1/2"]
[White "Michael Adams"]
[Black "Ameet Ghasi"]
[WhiteElo "2716"]
[BlackElo "2485"]
[PlyCount "105"]

1. e4 c6 2. d4 d5 3. e5 Bf5 4. h4 h5 5. Bd3 Bxd3 6. Qxd3 Qa5+
7. Bd2 Qa6 8. e6 Qxd3 9. exf7+ Kxf7 10. cxd3 Nh6 11. Nf3 Nf5
12. Nc3 Nd7 13. O-O-O g6 14. Ne2 Bg7 15. Bf4 Bf6 16. Rde1 c5
17. Ng5+ Bxg5 18. Bxg5 Rac8 19. Kd2 cxd4 20. Nxd4 e5 21. Nxf5
gxf5 22. Rc1 Ke6 23. f3 Rc6 24. d4 e4 25. Rxc6+ bxc6 26. Rc1
Rc8 27. b4 Nb6 28. Rc5 Nc4+ 29. Ke2 a6 30. Kf2 Kd7 31. Bf4 Ra8
32. a4 Ra7 33. b5 axb5 34. axb5 Ra2+ 35. Kg3 cxb5 36. Rxd5+
Kc6 37. Rxf5 e3 38. Rxh5 Rd2 39. Rh8 Kd7 40. Rb8 Rxd4 41. Bxe3
Nxe3 42. Rxb5 Ke6 43. Kh3 Nxg2 44. Kxg2 Rxh4 45. Kg3 Rc4
46. f4 Kf6 47. Kg4 Kg6 48. Rb6+ Kf7 49. Kg5 Rc7 50. f5 Ra7
51. Rh6 Kg8 52. Rb6 Kg7 53. Rc6 1/2-1/2

[Event "Hastings Online All-Play-All"]
[Site "Tornelo INT"]
[Date "2021.01.09"]
[EventDate "2021.01.09"]
[Round "1.3"]
[Result "1/2-1/2"]
[White "Matthew J Turner"]
[Black "Keith Arkell"]
[WhiteElo "2509"]
[BlackElo "2381"]
[PlyCount "106"]

1. d4 Nf6 2. Nf3 e6 3. g3 b5 4. Bg2 Bb7 5. Bg5 c5 6. O-O cxd4
7. Nxd4 Bxg2 8. Kxg2 a6 9. e4 h6 10. Bxf6 Qxf6 11. f4 Nc6
12. e5 Qd8 13. Nc3 Qb6 14. Nf3 Be7 15. Qd3 O-O 16. Rad1 Rac8
17. f5 Rfd8 18. Qe4 Bf8 19. f6 d6 20. fxg7 Bxg7 21. Rxd6 Rxd6
22. exd6 Rd8 23. Rd1 Qc5 24. d7 Na5 25. Qh4 Qc7 26. Qe7 Nc6
27. Qe8+ Bf8 28. Ne4 Kg7 29. Rf1 Qxd7 30. Qxd7 Rxd7 31. Rf2 f5
32. Nc3 Bc5 33. Re2 Kf6 34. a3 Nd4 35. Nxd4 Bxd4 36. Rd2 Ke7
37. Nd1 Bf6 38. Rxd7+ Kxd7 39. Kf3 Kd6 40. h3 h5 41. b3 Bg5
42. Nc3 e5 43. g4 e4+ 44. Ke2 hxg4 45. hxg4 Ke5 46. gxf5 Kxf5
47. Nd5 Bd8 48. Nb4 a5 49. Nc6 Bb6 50. c3 Ke6 51. Nd4+ Bxd4
52. cxd4 b4 53. axb4 axb4 1/2-1/2

[Event "Hastings Online All-Play-All"]
[Site "Tornelo INT"]
[Date "2021.01.09"]
[EventDate "2021.01.09"]
[Round "1.4"]
[Result "1/2-1/2"]
[White "Luke McShane"]
[Black "Mark Hebden"]
[WhiteElo "2674"]
[BlackElo "2453"]
[PlyCount "106"]

1. e4 e5 2. Bc4 Nc6 3. Nc3 Nf6 4. d3 Na5 5. Nge2 Be7 6. a4
Nxc4 7. dxc4 d6 8. Qd3 O-O 9. h3 c6 10. Be3 Be6 11. Rd1 Nd7
12. O-O Nc5 13. Bxc5 dxc5 14. Qe3 Qc7 15. b3 Rad8 16. Nc1 b6
17. Nd3 Bd6 18. Ne2 Qe7 19. f4 exf4 20. Nexf4 Rfe8 21. e5 Bc7
22. Qf3 Bd7 23. Rde1 Qg5 24. Nh5 Rf8 25. Re4 Rde8 26. h4 Qh6
27. Rfe1 Qg6 28. Ndf4 Qg4 29. Qf2 Bd8 30. g3 Bf5 31. R4e2 Bxh4
32. Ng2 Bg5 33. Nhf4 Bxf4 34. Nxf4 Re7 35. Ng2 Bg6 36. Qf4
Qxf4 37. Nxf4 Rd8 38. Kf2 a6 39. g4 b5 40. axb5 cxb5 41. Nd5
Re6 42. Ra1 bxc4 43. bxc4 h6 44. Ra5 Rc8 45. Ke1 Kh7 46. Kd2
Rcc6 47. Nf4 Re8 48. Re3 Rd8+ 49. Nd5 Re8 50. Raa3 Ra8 51. Ra5
Re8 52. Raa3 Ra8 53. Ra5 Re8 1/2-1/2

[Event "Hastings Online All-Play-All"]
[Site "Tornelo INT"]
[Date "2021.01.09"]
[EventDate "2021.01.09"]
[Round "1.5"]
[Result "1/2-1/2"]
[White "Daniel Gormally"]
[Black "Gawain Jones"]
[WhiteElo "2479"]
[BlackElo "2670"]
[PlyCount "78"]

1. e4 e5 2. Nf3 Nc6 3. Bb5 a6 4. Ba4 Nf6 5. O-O Bc5 6. c3 b5
7. Bc2 d5 8. d3 O-O 9. Bg5 dxe4 10. dxe4 Be6 11. Qxd8 Rfxd8
12. Bxf6 gxf6 13. Nbd2 Rd6 14. b4 Bb6 15. a4 Rad8 16. Rfd1 Ne7
17. axb5 axb5 18. Nb3 Rxd1+ 19. Rxd1 Ra8 20. Ra1 Rxa1+
21. Nxa1 c5 22. Bd3 c4 23. Bb1 Nc8 24. Nc2 Nd6 25. Na3 Kf8
26. Nh4 Bd7 27. Kf1 Bc6 28. f3 Be3 29. Ke2 Bc1 30. Nc2 Nc8
31. Ne3 Nb6 32. Nhf5 Na4 33. Nd1 Ke8 34. Bc2 Kd7 35. g3 Bb7
36. Nfe3 Nb6 37. Nf5 Na4 38. Nfe3 Ke6 39. Nf5 Kd7 1/2-1/2

[Event "Hastings Online All-Play-All"]
[Site "Tornelo INT"]
[Date "2021.01.09"]
[EventDate "2021.01.09"]
[Round "1.6"]
[Result "1/2-1/2"]
[White "David Howell"]
[Black "Matthew J Wadsworth"]
[WhiteElo "2658"]
[BlackElo "2416"]
[PlyCount "103"]

1. d4 Nf6 2. Nc3 d5 3. Bf4 c6 4. e3 Qb6 5. Rb1 Bf5 6. f3 e6
7. g4 Bg6 8. h4 h6 9. Bd3 Bxd3 10. cxd3 Nbd7 11. Nge2 c5
12. dxc5 Bxc5 13. d4 Bd6 14. Kf2 g6 15. Qd3 Rd8 16. Na4 Qc7
17. Rbc1 Qb8 18. Nc5 Nxc5 19. Rxc5 Nd7 20. Rc2 h5 21. g5 O-O
22. Rhc1 e5 23. dxe5 Nxe5 24. Qd4 Nc6 25. Qf6 d4 26. exd4 Bxf4
27. Qxf4 Qxf4 28. Nxf4 Rxd4 29. Rc4 Rd2+ 30. Kg3 Rxb2 31. Nd5
Rd8 32. Nf6+ Kg7 33. Re4 Rxa2 34. Rb1 Nd4 35. Rxb7 Nf5+
36. Kf4 Nd6 37. Rc7 Nxe4 38. fxe4 Rf2+ 39. Kg3 Rxf6 40. gxf6+
Kxf6 41. Rxa7 Rd3+ 42. Kf4 Rh3 43. e5+ Ke6 44. Ra6+ Ke7
45. Ra7+ Kf8 46. e6 fxe6 47. Kg5 e5 48. Kxg6 Rxh4 49. Kf6 Rf4+
50. Kxe5 Rf7 51. Rxf7+ Kxf7 52. Kf5 1/2-1/2

[Event "Hastings Online All-Play-All"]
[Site "Tornelo INT"]
[Date "2021.01.09"]
[EventDate "2021.01.09"]
[Round "2.1"]
[Result "1-0"]
[White "Nicholas Pert"]
[Black "Matthew J Wadsworth"]
[WhiteElo "2548"]
[BlackElo "2416"]
[PlyCount "105"]

1. d4 Nf6 2. Nf3 c5 3. d5 e6 4. c4 d6 5. Nc3 exd5 6. cxd5 g6
7. Bf4 a6 8. a4 Bg7 9. h3 O-O 10. e3 Qe7 11. Be2 Ne8 12. O-O
Nd7 13. Nd2 Rb8 14. Nc4 Ne5 15. Nb6 f5 16. Qd2 Nd7 17. Nxc8
Rxc8 18. Rab1 g5 19. Bh2 Ne5 20. f4 Ng6 21. Rbe1 gxf4 22. exf4
Bd4+ 23. Kh1 Qh4 24. Bd3 Ng7 25. Ne2 Rce8 26. Nxd4 cxd4
27. Rxe8 Rxe8 28. Be2 Qe7 29. Bd3 Qe3 30. Qd1 Rc8 31. Bg1 Qg3
32. Rf3 Qh4 33. Bxd4 Nh5 34. Bf2 Qf6 35. Qd2 Nh4 36. Bxh4 Qxh4
37. Bxf5 Rf8 38. Be6+ Kg7 39. Qc3+ Kh6 40. f5 Nf6 41. Qe3+ Kg7
42. Qf4 Qxf4 43. Rxf4 b5 44. axb5 axb5 45. g4 h6 46. Kg2 Ra8
47. Rb4 Ra5 48. h4 Ne8 49. g5 hxg5 50. hxg5 Ra4 51. Rxa4 bxa4
52. f6+ Kf8 53. Kf3 1-0

[Event "Hastings Online All-Play-All"]
[Site "Tornelo INT"]
[Date "2021.01.09"]
[EventDate "2021.01.09"]
[Round "2.2"]
[Result "1/2-1/2"]
[White "Gawain Jones"]
[Black "David Howell"]
[WhiteElo "2670"]
[BlackElo "2658"]
[PlyCount "87"]

1. e4 c6 2. d4 d5 3. exd5 cxd5 4. Nf3 Nc6 5. Bb5 Nf6 6. Ne5
Bd7 7. Nxd7 Qxd7 8. c3 e6 9. O-O Bd6 10. Nd2 O-O 11. Bd3 e5
12. dxe5 Nxe5 13. Nf3 Nxf3+ 14. Qxf3 Rfe8 15. Be3 Qc7 16. g3
Bc5 17. Bf4 Bd6 18. Bd2 Qb6 19. b4 Ne4 20. Be3 Qc6 21. Rac1 b5
22. Rfe1 a6 23. Bd4 Re6 24. Qg4 Rg6 25. Qf5 Re8 26. a3 Rge6
27. Kg2 g6 28. Qh3 Ng5 29. Qh6 Bf8 30. Rxe6 Nxe6 31. Qd2 Nxd4
32. cxd4 Qf6 33. Bb1 Bg7 34. Rc5 Qxd4 35. Rxd5 Qxd2 36. Rxd2
Bc3 37. Rd3 Bb2 38. Ba2 Re7 39. Rb3 Bd4 40. Kf1 Kg7 41. Rd3
Bb2 42. Rb3 Bd4 43. Rd3 Bb2 44. Rb3 1/2-1/2

[Event "Hastings Online All-Play-All"]
[Site "Tornelo INT"]
[Date "2021.01.09"]
[EventDate "2021.01.09"]
[Round "2.3"]
[Result "1-0"]
[White "Mark Hebden"]
[Black "Daniel Gormally"]
[WhiteElo "2453"]
[BlackElo "2479"]
[PlyCount "61"]

1. d4 d5 2. Nf3 Nf6 3. c4 c6 4. e3 a6 5. Bd2 Ne4 6. Nc3 Nxd2
7. Qxd2 b5 8. cxd5 cxd5 9. Bd3 e6 10. O-O Be7 11. Rfc1 O-O
12. a4 b4 13. Ne2 a5 14. Nf4 Nd7 15. Qc2 h6 16. Qc6 Nb6
17. Ne5 Bd6 18. Bb1 Bxe5 19. dxe5 Ra7 20. Qc2 g6 21. b3 Qg5
22. Qc5 Qd8 23. Bd3 Ra8 24. Qd4 Nd7 25. Bb5 Nb8 26. Rc5 Bd7
27. Nxd5 exd5 28. Rxd5 Qg5 29. Bxd7 Nxd7 30. Rxd7 Rad8 31. e6
1-0

[Event "Hastings Online All-Play-All"]
[Site "Tornelo INT"]
[Date "2021.01.09"]
[EventDate "2021.01.09"]
[Round "2.4"]
[Result "1/2-1/2"]
[White "Keith Arkell"]
[Black "Luke McShane"]
[WhiteElo "2381"]
[BlackElo "2674"]
[PlyCount "67"]

1. Nf3 Nf6 2. c4 g6 3. Nc3 Bg7 4. g3 O-O 5. Bg2 Nc6 6. d4 a6
7. b3 Rb8 8. a4 d5 9. O-O Be6 10. Ng5 dxc4 11. Nxe6 fxe6
12. e3 Nd5 13. Nxd5 exd5 14. bxc4 dxc4 15. Qc2 Na5 16. Bd2 c5
17. Bxa5 Qxa5 18. Qxc4+ Kh8 19. Rac1 cxd4 20. exd4 b5 21. axb5
axb5 22. Qc5 Qd8 23. Rfd1 b4 24. Rb1 b3 25. Qc3 Qb6 26. Rd3
Rfc8 27. Qxb3 Qa7 28. Qd1 Bxd4 29. Rd2 Rxb1 30. Qxb1 e5
31. Be4 Rb8 32. Qa2 Qxa2 33. Rxa2 Rb2 34. Rxb2 1/2-1/2

[Event "Hastings Online All-Play-All"]
[Site "Tornelo INT"]
[Date "2021.01.09"]
[EventDate "2021.01.09"]
[Round "2.5"]
[Result "1/2-1/2"]
[White "Ameet Ghasi"]
[Black "Matthew J Turner"]
[WhiteElo "2485"]
[BlackElo "2509"]
[PlyCount "48"]

1. Nf3 Nf6 2. g3 g6 3. Bg2 Bg7 4. O-O O-O 5. d4 d5 6. c4 c6
7. cxd5 cxd5 8. Ne5 Nc6 9. Nc3 Bf5 10. Bf4 Rc8 11. Rc1 Qa5
12. Qd2 Rfd8 13. h3 Qa6 14. g4 Be6 15. Rfd1 Ne4 16. Nxe4 dxe4
17. Nxc6 Rxc6 18. Rxc6 Qxc6 19. Qa5 Qb6 20. Qxb6 axb6 21. Bxe4
Bxa2 22. d5 Bxb2 23. Rd2 Bc1 24. Rxa2 Bxf4 1/2-1/2

[Event "Hastings Online All-Play-All"]
[Site "Tornelo INT"]
[Date "2021.01.09"]
[EventDate "2021.01.09"]
[Round "2.6"]
[Result "0-1"]
[White "Glenn C Flear"]
[Black "Michael Adams"]
[WhiteElo "2431"]
[BlackElo "2716"]
[PlyCount "52"]

1. d4 Nf6 2. c4 e6 3. Nc3 Bb4 4. e3 O-O 5. Bd3 d5 6. Nf3 c5
7. O-O dxc4 8. Bxc4 Nc6 9. a3 Ba5 10. Qd3 a6 11. Rd1 b5
12. Ba2 c4 13. Qe2 Bxc3 14. bxc3 Ne4 15. Qc2 f5 16. Nd2 Nxd2
17. Bxd2 Bb7 18. f3 Qg5 19. e4 Qg6 20. Re1 Na5 21. Re2 fxe4
22. fxe4 Rf7 23. Rae1 Raf8 24. a4 Nb3 25. Bxb3 cxb3 26. Qxb3
Bxe4 0-1

[Event "Hastings Online All-Play-All"]
[Site "Tornelo INT"]
[Date "2021.01.09"]
[EventDate "2021.01.09"]
[Round "3.2"]
[Result "1-0"]
[White "Matthew J Turner"]
[Black "Glenn C Flear"]
[WhiteElo "2509"]
[BlackElo "2431"]
[PlyCount "193"]

1. d4 d5 2. Nf3 Nf6 3. c4 e6 4. g3 c6 5. Nbd2 Nbd7 6. Bg2 Bd6
7. O-O O-O 8. Qc2 Re8 9. b3 e5 10. cxd5 cxd5 11. dxe5 Nxe5
12. Bb2 Qe7 13. Rfe1 Bd7 14. Nxe5 Bxe5 15. Bxe5 Qxe5 16. Nf3
Qd6 17. Qd3 Rac8 18. Rac1 Qa3 19. Rxc8 Rxc8 20. Ne5 Rc1
21. Qd2 Rxe1+ 22. Qxe1 Bf5 23. Qd2 Qc5 24. h3 h6 25. Qf4 Be6
26. Nd3 Qc8 27. Qd4 b6 28. Nf4 Qc2 29. Qe5 Qc8 30. Nxd5 Bxd5
31. Bxd5 Nxd5 32. Qxd5 Qxh3 33. Qa8+ Kh7 34. Qxa7 Qe6 35. Qa6
g6 36. Qc4 Qf6 37. a4 h5 38. Kg2 Kg7 39. e3 Kg8 40. b4 Qf5
41. Qd4 Qe6 42. e4 Kh7 43. a5 bxa5 44. bxa5 h4 45. Qd5 Qf6
46. gxh4 Qxh4 47. Qxf7+ Kh6 48. Qf8+ Kh7 49. Qf7+ Kh6 50. Qd5
Qg4+ 51. Kf1 Qh3+ 52. Ke1 Qa3 53. Qd2+ Kh7 54. Ke2 Qa4 55. f3
Qb5+ 56. Kf2 Qa4 57. Kg2 Qa1 58. Qb4 Qd1 59. Qe7+ Kh6 60. Qh4+
Kg7 61. Qf2 Qa4 62. Qb2+ Kh7 63. Qb7+ Kh6 64. a6 Qc2+ 65. Kg3
Qc1 66. Qe7 Qg1+ 67. Kf4 Qh2+ 68. Ke3 Qg1+ 69. Kd2 Qf2+
70. Kc3 Qe3+ 71. Kc4 Qe2+ 72. Kd5 Qb5+ 73. Qc5 Qxa6 74. f4
Qb7+ 75. Ke5 Qg7+ 76. Ke6 Qg8+ 77. Ke7 Qa8 78. Qg5+ Kh7
79. Qd5 Qa3+ 80. Qd6 Qf3 81. Kf8 Kh6 82. f5 Kg5 83. Qxg6+ Kf4
84. Qd6+ Kg4 85. Qe6 Kg5 86. Kg7 Qc3+ 87. f6 Qa1 88. Qf5+ Kh4
89. e5 Qa7+ 90. f7 Qb7 91. Kg8 Qb3 92. e6 Qg3+ 93. Kh8 Qc3+
94. Kh7 Qc7 95. Qf6+ Kh5 96. Qh6+ Kg4 97. Qg7+ 1-0

[Event "Hastings Online All-Play-All"]
[Site "Tornelo INT"]
[Date "2021.01.09"]
[EventDate "2021.01.09"]
[Round "3.3"]
[Result "1-0"]
[White "Luke McShane"]
[Black "Ameet Ghasi"]
[WhiteElo "2674"]
[BlackElo "2485"]
[PlyCount "199"]

1. e4 c6 2. d4 d5 3. exd5 cxd5 4. Bd3 Nc6 5. c3 Nf6 6. h3 e5
7. dxe5 Nxe5 8. Nf3 Nxd3+ 9. Qxd3 Bd6 10. O-O O-O 11. Be3 Re8
12. Nbd2 Bc7 13. Rad1 h6 14. Nd4 a6 15. Rfe1 Bd7 16. Nf1 Ne4
17. f3 Ng5 18. h4 Nh7 19. Bf2 Qf6 20. Ne3 Qd6 21. g3 g6
22. Nb3 Nf6 23. Nxd5 Nxd5 24. Qxd5 Qxd5 25. Rxd5 Bc6 26. Rd3
Rxe1+ 27. Bxe1 Re8 28. Bf2 Re2 29. Nd2 g5 30. hxg5 hxg5 31. b3
f5 32. Kf1 Re6 33. Nc4 Kf7 34. Ne3 Re5 35. Nc2 Rd5 36. Nd4 Bd7
37. Ke2 b5 38. Rd1 Re5+ 39. Kd2 Kg6 40. Be3 Re8 41. f4 g4
42. Rh1 Bd6 43. Nc2 Bc6 44. Rh2 Be4 45. Bd4 Rd8 46. Ne1 Bc5
47. Ke3 Bxd4+ 48. cxd4 Rc8 49. Nd3 Rc3 50. Rd2 Bd5 51. Kf2 a5
52. Ne1 a4 53. Rd3 Rxd3 54. Nxd3 axb3 55. axb3 Bxb3 56. Ke3
Kf6 57. Kd2 Bd5 58. Kc3 Be4 59. Nc5 Bc6 60. Kb4 Ke7 61. d5
Bxd5 62. Kxb5 Kd6 63. Nd3 Be4 64. Nb4 Bd5 65. Nc2 Be4 66. Ne3
Bd3+ 67. Kb4 Be4 68. Kc4 Bb1 69. Kd4 Be4 70. Nxg4 Bb7 71. Ne3
Bc8 72. Nc4+ Ke6 73. Kc5 Bb7 74. Nd6 Bf3 75. Nb5 Be4 76. Nc7+
Kd7 77. Nd5 Bf3 78. Nc3 Bb7 79. Ne2 Bf3 80. Nd4 Be4 81. Nb5
Bb7 82. Nd6 Bg2 83. Nxf5 Ke6 84. Ne3 Bf3 85. Kd4 Kf6 86. Kd3
Ke6 87. Nf1 Kf5 88. Ke3 Bh5 89. Nh2 Bd1 90. g4+ Kf6 91. Nf3
Bc2 92. Kf2 Be4 93. Kg3 Bb1 94. Nh4 Be4 95. f5 Kg5 96. Nf3+
Kf6 97. Kf4 Bb1 98. g5+ Ke7 99. Ne5 Kd6 100. g6 1-0

[Event "Hastings Online All-Play-All"]
[Site "Tornelo INT"]
[Date "2021.01.09"]
[EventDate "2021.01.09"]
[Round "3.4"]
[Result "1/2-1/2"]
[White "Daniel Gormally"]
[Black "Keith Arkell"]
[WhiteElo "2479"]
[BlackElo "2381"]
[PlyCount "69"]

1. d4 e6 2. e4 d5 3. e5 c5 4. c3 Nc6 5. Nf3 Nge7 6. Bd3 cxd4
7. cxd4 Qb6 8. Nc3 Bd7 9. O-O Ng6 10. Be3 Be7 11. Qe2 O-O
12. Rfc1 f6 13. exf6 Bxf6 14. Na4 Qc7 15. Nc5 Rae8 16. Bxg6
hxg6 17. Nd3 Qd8 18. Nde5 Bxe5 19. Nxe5 Nxe5 20. dxe5 Bc6
21. Qg4 Rf5 22. Qxg6 d4 23. Bh6 Qe7 24. Rd1 Kh8 25. Bd2 Rxe5
26. Re1 Rxe1+ 27. Rxe1 e5 28. f3 Qf6 29. Qh5+ Kg8 30. b3 Qf7
31. Qh4 Qf5 32. Qf2 Qc2 33. Bg5 Qxf2+ 34. Kxf2 Kf7 35. h4
1/2-1/2

[Event "Hastings Online All-Play-All"]
[Site "Tornelo INT"]
[Date "2021.01.09"]
[EventDate "2021.01.09"]
[Round "3.5"]
[Result "1-0"]
[White "David Howell"]
[Black "Mark Hebden"]
[WhiteElo "2658"]
[BlackElo "2453"]
[PlyCount "83"]

1. c4 g6 2. Nf3 Bg7 3. d4 c5 4. e4 cxd4 5. Nxd4 Nc6 6. Be3 Nf6
7. Nc3 O-O 8. Be2 d6 9. O-O Bd7 10. Nc2 Qa5 11. a3 Rfc8 12. f4
Qd8 13. b4 Qf8 14. Rc1 Bg4 15. Kh1 Bxe2 16. Qxe2 Nd7 17. Qd3
Rd8 18. Rfd1 Rac8 19. Ne1 a6 20. Nf3 Nf6 21. Rc2 e6 22. Bb6
Rd7 23. Qe2 Nb8 24. a4 d5 25. Bc5 Rxc5 26. bxc5 dxe4 27. Ng5
Qxc5 28. Ncxe4 Qc6 29. Rcd2 Rxd2 30. Rxd2 Nbd7 31. a5 h6
32. Nxf6+ Nxf6 33. Nf3 Nh5 34. g3 Bc3 35. Rd8+ Kh7 36. Qd3
Bxa5 37. Rd6 Qa4 38. Rd7 Kg8 39. Ne5 Qa1+ 40. Kg2 Qb2+ 41. Kh3
Bc3 42. Nxf7 1-0

[Event "Hastings Online All-Play-All"]
[Site "Tornelo INT"]
[Date "2021.01.09"]
[EventDate "2021.01.09"]
[Round "3.6"]
[Result "0-1"]
[White "Matthew J Wadsworth"]
[Black "Gawain Jones"]
[WhiteElo "2416"]
[BlackElo "2670"]
[PlyCount "138"]

1. c4 g6 2. g3 Bg7 3. Bg2 c5 4. Nc3 Nc6 5. Nf3 d6 6. O-O Nf6
7. d4 O-O 8. dxc5 dxc5 9. Be3 Be6 10. Qa4 Nd4 11. Rad1 Bd7
12. Qa3 Nc2 13. Qxc5 b6 14. Qg5 h6 15. Qf4 g5 16. Qe5 Rc8
17. Rd2 Ng4 18. Qe4 Ncxe3 19. fxe3 Bxc3 20. bxc3 Nf6 21. Qd4
Bc6 22. Ne5 Bxg2 23. Kxg2 Qc7 24. Rxf6 exf6 25. Nd7 Qxc4
26. Nxf8 Qc6+ 27. Qd5 Qxd5+ 28. Rxd5 Kxf8 29. Rd7 Rxc3
30. Rxa7 Rxe3 31. Kf2 Re6 32. a4 f5 33. a5 Kg7 34. a6 b5
35. Rb7 Rxa6 36. Rxb5 Kg6 37. Rb4 Re6 38. h4 Re4 39. Rb6+ Re6
40. Rb4 g4 41. Rb8 Re4 42. Rg8+ Kh7 43. Rf8 Kg7 44. Ra8 f4
45. gxf4 Rxf4+ 46. Kg3 Re4 47. Ra5 Kg6 48. h5+ Kf6 49. Rb5
Rxe2 50. Kxg4 Re4+ 51. Kf3 Re5 52. Rb6+ Kg5 53. Rb7 Rf5+
54. Ke4 Rf1 55. Rb8 Kxh5 56. Rg8 Kh4 57. Ke3 h5 58. Ke2 Rf5
59. Rg7 Kh3 60. Ke3 h4 61. Ke2 Kh2 62. Ke3 h3 63. Ke4 Rf6
64. Ke3 Kh1 65. Ke2 h2 66. Ke1 Rg6 67. Rxf7 Kg2 68. Rf2+ Kh3
69. Rf1 Rg1 0-1

[Event "Hastings Online All-Play-All"]
[Site "Tornelo INT"]
[Date "2021.01.09"]
[EventDate "2021.01.09"]
[Round "4.1"]
[Result "1/2-1/2"]
[White "Nicholas Pert"]
[Black "Gawain Jones"]
[WhiteElo "2548"]
[BlackElo "2670"]
[PlyCount "45"]

1. d4 Nf6 2. Nf3 g6 3. g3 Bg7 4. Bg2 c5 5. c4 O-O 6. O-O d6
7. dxc5 dxc5 8. Nc3 Nc6 9. Be3 Be6 10. Qa4 Nd4 11. Rac1 a6
12. Ne5 Rb8 13. Qa3 Qc7 14. Nd3 Rbc8 15. Nxc5 Qxc5 16. Qxc5
Rxc5 17. Bxd4 Rxc4 18. e3 b5 19. b3 Rc7 20. Be5 Rc5 21. Bd4
Rc7 22. Be5 Rc5 23. Bd4 1/2-1/2

[Event "Hastings Online All-Play-All"]
[Site "Tornelo INT"]
[Date "2021.01.09"]
[EventDate "2021.01.09"]
[Round "4.2"]
[Result "0-1"]
[White "Mark Hebden"]
[Black "Matthew J Wadsworth"]
[WhiteElo "2453"]
[BlackElo "2416"]
[PlyCount "52"]

1. d4 Nf6 2. Nc3 d5 3. Bf4 c6 4. e3 Qb6 5. Rb1 Bf5 6. Bd3 Bxd3
7. cxd3 e6 8. Nf3 Nbd7 9. O-O Be7 10. h3 O-O 11. b4 Rfc8
12. Qb3 a5 13. a3 axb4 14. axb4 Qa6 15. b5 Qa3 16. bxc6 bxc6
17. e4 c5 18. exd5 cxd4 19. Qxa3 Bxa3 20. dxe6 dxc3 21. exd7
Nxd7 22. Bc1 Nc5 23. Ra1 Bb2 24. Rb1 Nxd3 25. Bxb2 cxb2
26. Ne1 Rc1 0-1

[Event "Hastings Online All-Play-All"]
[Site "Tornelo INT"]
[Date "2021.01.09"]
[EventDate "2021.01.09"]
[Round "4.3"]
[Result "0-1"]
[White "Keith Arkell"]
[Black "David Howell"]
[WhiteElo "2381"]
[BlackElo "2658"]
[PlyCount "80"]

1. d4 Nf6 2. Nf3 g6 3. c4 Bg7 4. Nc3 d5 5. cxd5 Nxd5 6. g3 c5
7. Bg2 Nc6 8. e3 cxd4 9. Nxd4 Nxc3 10. bxc3 Bd7 11. O-O Rc8
12. Rb1 b6 13. Qe2 Na5 14. Qa6 Rc7 15. Ba3 O-O 16. Rfd1 Qc8
17. Qe2 Re8 18. Bc1 Nc4 19. e4 a6 20. h4 h5 21. Bg5 b5
22. Rbc1 Bg4 23. f3 Bd7 24. Kh2 Nb6 25. Qe3 Kh7 26. Qe1 Na4
27. Ne2 Be6 28. a3 Nxc3 29. Nxc3 Rxc3 30. Rxc3 Qxc3 31. Qxc3
Bxc3 32. Rc1 Bd4 33. Rc7 a5 34. Bxe7 Rb8 35. Bd6 Rb6 36. Bc5
Bxc5 37. Rxc5 b4 38. axb4 axb4 39. Bf1 b3 40. Bd3 Rd6 0-1

[Event "Hastings Online All-Play-All"]
[Site "Tornelo INT"]
[Date "2021.01.09"]
[EventDate "2021.01.09"]
[Round "4.4"]
[Result "1-0"]
[White "Ameet Ghasi"]
[Black "Daniel Gormally"]
[WhiteElo "2485"]
[BlackElo "2479"]
[PlyCount "123"]

1. Nf3 Nf6 2. g3 g6 3. Bg2 Bg7 4. O-O O-O 5. d3 d6 6. e4 Bg4
7. h3 Bxf3 8. Qxf3 Nfd7 9. c3 Nc6 10. h4 h5 11. Nd2 e6 12. Qe2
e5 13. Nf3 Rb8 14. Ng5 Qe7 15. Be3 Nf6 16. Rad1 Ng4 17. Bc1
Bh6 18. f3 Nf6 19. d4 Nh7 20. f4 exf4 21. gxf4 Nf6 22. Bf3
Rbe8 23. Rde1 Qd7 24. Qg2 Ne7 25. f5 Bg7 26. e5 dxe5 27. dxe5
Nxf5 28. exf6 Bxf6 29. Rd1 Qa4 30. Bd5 Nxh4 31. Qh3 Nf5 32. b3
Qg4+ 33. Qxg4 hxg4 34. Ne4 Bg7 35. Bxb7 Nh4 36. Ba3 f5
37. Bd5+ Kh7 38. Bxf8 Rxf8 39. Ng5+ Kh6 40. Ne6 Rc8 41. Nxg7
Kxg7 42. Bb7 Rf8 43. c4 Kf6 44. c5 Kg5 45. b4 f4 46. Rd5+ Kh6
47. Re5 g5 48. Kf2 Rb8 49. Be4 Rxb4 50. Rb1 g3+ 51. Ke2 f3+
52. Ke3 f2 53. Re6+ Kg7 54. Rd1 Rb2 55. Rd7+ Kf8 56. Rf6+ Ke8
57. Bc6 Ng2+ 58. Kd3 Ne1+ 59. Kc3 Rc2+ 60. Kb4 Nd3+ 61. Rxd3+
Ke7 62. Rf5 1-0

[Event "Hastings Online All-Play-All"]
[Site "Tornelo INT"]
[Date "2021.01.09"]
[EventDate "2021.01.09"]
[Round "4.5"]
[Result "0-1"]
[White "Glenn C Flear"]
[Black "Luke McShane"]
[WhiteElo "2431"]
[BlackElo "2674"]
[PlyCount "78"]

1. d4 Nf6 2. c4 e6 3. Nc3 Bb4 4. e3 O-O 5. Bd3 d5 6. Nf3 c5
7. O-O cxd4 8. exd4 dxc4 9. Bxc4 Nc6 10. Bg5 h6 11. Bh4 Be7
12. Re1 Bd7 13. a3 Rc8 14. Qd3 Nh5 15. Bg3 Nxg3 16. hxg3 Bf6
17. Rad1 Ne7 18. Ne4 Bc6 19. Nxf6+ gxf6 20. Ba2 Kg7 21. Nh2
Qa5 22. Qe2 Rfd8 23. Ng4 Qh5 24. Ne3 Qxe2 25. Rxe2 Bd5
26. Nxd5 Nxd5 27. Bb3 Rd6 28. Kf1 Ne7 29. Bc2 Rcd8 30. Red2 b6
31. Ke2 Nc6 32. Ke3 Na5 33. b3 Rc8 34. Re2 Rdc6 35. Be4 Rc3+
36. Kf4 Nxb3 37. d5 Nd4 38. Re3 e5+ 39. Kg4 f5+ 0-1

[Event "Hastings Online All-Play-All"]
[Site "Tornelo INT"]
[Date "2021.01.09"]
[EventDate "2021.01.09"]
[Round "5.2"]
[Result "1/2-1/2"]
[White "Luke McShane"]
[Black "Michael Adams"]
[WhiteElo "2674"]
[BlackElo "2716"]
[PlyCount "71"]

1. e4 e5 2. Nf3 Nc6 3. Bb5 a6 4. Bxc6 dxc6 5. O-O Qf6 6. d3
Bd6 7. Nbd2 Ne7 8. Kh1 c5 9. Ng1 Nc6 10. Nc4 O-O 11. Ne2 Be6
12. Ne3 Rad8 13. b3 Qe7 14. Bb2 Nd4 15. Ng3 Qd7 16. Qd2 Rfe8
17. Rad1 a5 18. Nc4 a4 19. Nxd6 cxd6 20. f4 f6 21. c4 Ra8
22. Bxd4 cxd4 23. Rb1 Ra7 24. Rb2 Rea8 25. f5 Bf7 26. Ne2 axb3
27. axb3 Bh5 28. Nc1 b5 29. Na2 Ra3 30. Nb4 Bf7 31. Rg1 Ra1
32. Rbb1 Rxb1 33. Rxb1 bxc4 34. bxc4 Qb7 35. h3 Rb8 36. Kh2
1/2-1/2

[Event "Hastings Online All-Play-All"]
[Site "Tornelo INT"]
[Date "2021.01.09"]
[EventDate "2021.01.09"]
[Round "5.3"]
[Result "1-0"]
[White "Daniel Gormally"]
[Black "Glenn C Flear"]
[WhiteElo "2479"]
[BlackElo "2431"]
[PlyCount "51"]

1. d4 d5 2. c4 e6 3. Nf3 Nf6 4. g3 c6 5. Nbd2 Nbd7 6. Bg2 Bd6
7. O-O O-O 8. Qc2 Re8 9. b3 Qe7 10. Bb2 e5 11. dxe5 Nxe5
12. cxd5 cxd5 13. Nd4 Bd7 14. Nf5 Bxf5 15. Qxf5 g6 16. Qg5
Rad8 17. Rad1 Qe6 18. h3 b6 19. f4 Neg4 20. hxg4 Nxg4 21. Bf3
Bc5+ 22. Kh1 Nf2+ 23. Rxf2 Bxf2 24. Kg2 Be3 25. Rh1 d4 26. Ne4
1-0